Organizational behavior

Bibliographic Details
Main Author: McShane, Steven L.
Other Authors: Von Glinow, Mary Ann
Format: Book
Language:English
Published: Boston : Irwin McGraw-Hill , 2000
Subjects:

MARC

LEADER 00000cam a2200000 7i4500
001 0000007979
005 20170111.0
008 161223 -us eng
020 |a 0071163344 
040 |a INS 
090 0 0 |a HD58.7   |b M42 2000 
100 1 |a McShane, Steven L. 
245 1 0 |a Organizational behavior   |c Steven L. McShane, Mary Ann Von Glinow 
260 |a Boston :   |b Irwin McGraw-Hill ,   |c 2000 
300 |a xxv., 709p. :   |b color picture ;   |c 27 cm. 
500 |a Includes index 
650 0 |a Organizational behavior 
700 1 |a Von Glinow, Mary Ann 
999 |a 0000023128   |b BOOK   |c Open Shelf   |e Default branch